[Event "FIDE Women’s World Rapid Championships 2024"]
[White "Charkhalashvili, Inga"]
[Black "Ju, Wenjun"]
[Site "New York, USA"]
[Round "1"]
[Board "1"]
[Result "0-1"]
[Date "2024.12.26"]
[WhiteElo "2289"]
[BlackElo "2536"]
[PlyCount "126"]
[GameId "2127263731347591"]
[EventDate "2024.12.26"]
[EventType "rapid"]
[EventRounds "11"]
[EventCountry "FID"]

1. d4 Nf6 2. c4 e6 3. Nc3 Bb4 4. e3 O-O 5. Nf3 d5 6. Bd3 dxc4 7. Bxc4 c5 8. O-O Nc6 9. a3 Ba5 10. Qd3 a6 11. Rd1 cxd4 12. exd4 h6 13. Bb3 Ne7 14. Ne5 Bd7 15. Ne4 Ned5 16. Nxf6+ Nxf6 17. Qg3 Kh8 18. Qh4 Nh7 19. Qh5 Be8 20. Be3 Rc8 21. Rd3 Bc7 22. Rad1 Qe7 23. h3 Nf6 24. Qf3 Bb5 25. Rc3 Bb6 26. Rxc8 Rxc8 27. Ng4 Bc6 28. Qe2 Nxg4 29. Qxg4 Rf8 30. Qh5 Kg8 31. Qg4 Kh8 32. Qh5 Kg8 33. Qg4 Qf6 34. Rd3 Rd8 35. Bc4 Bb5 36. Bxb5 axb5 37. Rb3 Rd5 38. Qe2 Qf5 39. a4 Qb1+ 40. Qf1 Qxf1+ 41. Kxf1 Bxd4 42. Bxd4 Rxd4 43. Rxb5 Rxa4 44. Rxb7 g5 45. g4 Kg7 46. Kg2 Kg6 47. Kg3 Rd4 48. f3 f5 49. gxf5+ exf5 50. Rb6+ Kh5 51. b4 f4+ 52. Kf2 Rd2+ 53. Ke1 Rh2 54. b5 Rxh3 55. Kf2 Rh2+ 56. Kg1 Rb2 57. Kf1 Kh4 58. Rxh6+ Kg3 59. b6 Kxf3 60. Ke1 g4 61. Rc6 g3 62. Rg6 g2 63. Kd1 Rxb6 0-1

[Event "FIDE Women’s World Rapid Championships 2024"]
[White "Lei, Tingjie"]
[Black "Toncheva, Nadya"]
[Site "New York, USA"]
[Round "1"]
[Board "2"]
[Result "0-1"]
[Date "2024.12.26"]
[WhiteElo "2518"]
[BlackElo "2283"]
[PlyCount "98"]
[GameId "2127263735566472"]
[EventDate "2024.12.26"]
[EventType "rapid"]
[EventRounds "11"]
[EventCountry "FID"]

1. e4 c5 2. Nf3 Nc6 3. d4 cxd4 4. Nxd4 g6 5. c4 Bg7 6. Be3 Nf6 7. Nc3 O-O 8. Be2 d6 9. O-O Bd7 10. Re1 Nxd4 11. Bxd4 Bc6 12. Qc2 a5 13. b3 Nd7 14. Bxg7 Kxg7 15. Rad1 Qb6 16. Qb2 Kg8 17. Bf1 Nc5 18. h4 a4 19. b4 a3 20. Qb1 Na4 21. Nxa4 Rxa4 22. b5 Bd7 23. Qb3 Raa8 24. e5 Bg4 25. Rc1 Be6 26. exd6 exd6 27. h5 Qc5 28. hxg6 hxg6 29. Rcd1 Rfc8 30. Re4 Rd8 31. Red4 Qe5 32. Qf3 Kg7 33. Qxb7 Rh8 34. g3 Qh5 35. Bg2 Bxc4 36. f3 Rac8 37. Qe7 Qh2+ 38. Kf2 Rhe8 39. Qxe8 Rxe8 40. Rxc4 Qh6 41. f4 Qh5 42. Bf3 Qxb5 43. Rcd4 Qc5 44. Kg2 Rb8 45. Rxd6 Rb2+ 46. R6d2 Qc3 47. Re2 Rxe2+ 48. Bxe2 Qb2 49. Kf2 Qxa2 0-1

[Event "FIDE Women’s World Rapid Championships 2024"]
[White "Mungunzul, Bat-Erdene"]
[Black "Tan, Zhongyi"]
[Site "New York, USA"]
[Round "1"]
[Board "3"]
[Result "0-1"]
[Date "2024.12.26"]
[WhiteElo "2281"]
[BlackElo "2502"]
[PlyCount "108"]
[GameId "2127263735566473"]
[EventDate "2024.12.26"]
[EventType "rapid"]
[EventRounds "11"]
[EventCountry "FID"]

1. d4 Nf6 2. c4 e6 3. Nf3 a6 4. Nc3 d5 5. cxd5 exd5 6. Bg5 Be6 7. e3 h6 8. Bh4 Nbd7 9. Bd3 Bd6 10. O-O c6 11. Bg3 Bxg3 12. hxg3 O-O 13. a4 Qe7 14. Qb3 Rab8 15. Qa3 Qd8 16. a5 Nh7 17. Qd6 Re8 18. Ra3 Ng5 19. Nd2 f5 20. f3 Nf7 21. Qb4 Qg5 22. Kf2 Nf6 23. Ne2 Bd7 24. Bb1 Nh5 25. Rh1 g6 26. Rc3 Re6 27. Rh3 Nd6 28. Nf4 Nxf4 29. gxf4 Qe7 30. Qa3 g5 31. g3 Re8 32. Rh1 Qg7 33. Qb4 gxf4 34. gxf4 Rg6 35. Ke1 Nb5 36. Rd3 c5 37. dxc5 d4 38. e4 Rg1+ 39. Rxg1 Qxg1+ 40. Ke2 fxe4 41. Ba2+ Kh8 42. Nxe4 Rxe4+ 43. fxe4 Bg4+ 44. Rf3 Qe3+ 45. Kf1 Qxf3+ 46. Kg1 Qe3+ 47. Kg2 Bf3+ 48. Kg3 Be2+ 49. Kg2 Qf3+ 50. Kh2 Qxf4+ 51. Kg2 Qf3+ 52. Kh2 Qf2+ 53. Kh3 h5 54. Be6 Bf1# 0-1

[Event "FIDE Women’s World Rapid Championships 2024"]
[White "Kosteniuk, Alexandra"]
[Black "Pourkashiyan, Atousa"]
[Site "New York, USA"]
[Round "1"]
[Board "4"]
[Result "0-1"]
[Date "2024.12.26"]
[WhiteElo "2486"]
[BlackElo "2277"]
[PlyCount "112"]
[GameId "2127263735566474"]
[EventDate "2024.12.26"]
[EventType "rapid"]
[EventRounds "11"]
[EventCountry "FID"]

1. e4 e5 2. Nf3 Nf6 3. d4 Nxe4 4. Bd3 d5 5. Nxe5 Nd7 6. O-O Nxe5 7. dxe5 Nc5 8. f4 Nxd3 9. Qxd3 Bc5+ 10. Kh1 O-O 11. f5 Re8 12. Bf4 Bf8 13. Nc3 c6 14. Ne2 Qb6 15. b3 Qa6 16. c4 dxc4 17. bxc4 b5 18. Qc2 Qa4 19. Qxa4 bxa4 20. Bg3 Ba6 21. Rfc1 Rab8 22. Rc2 a3 23. Nd4 Rb2 24. Rcc1 Rd8 25. Nf3 Bc8 26. f6 Bf5 27. h3 g6 28. Bf4 h6 29. Ne1 g5 30. Be3 Re2 31. Bxa7 Rxe5 32. Nf3 Re4 33. Nd4 Rexd4 34. Bxd4 Rxd4 35. c5 Be4 36. Rc3 Rd2 37. Re1 Bxg2+ 38. Kg1 Bd5 39. Re8 Rxa2 40. Ra8 Ra1+ 41. Kf2 a2 42. Rca3 Rc1 43. Rxf8+ Kh7 44. Rfa8 Rxc5 45. Ke3 Kg6 46. Kd2 Kxf6 47. Rh8 Kg7 48. Raa8 Rb5 49. Rhg8+ Kf6 50. Ra6 Rb1 51. Rga8 Rh1 52. Kc2 Rxh3 53. Kb2 Rh2+ 54. Ka1 Rh1+ 55. Kb2 h5 56. Rd8 Rb1+ 0-1

[Event "FIDE Women’s World Rapid Championships 2024"]
[White "Maltsevskaya, Aleksandra"]
[Black "Zhu, Jiner"]
[Site "New York, USA"]
[Round "1"]
[Board "5"]
[Result "1/2-1/2"]
[Date "2024.12.26"]
[WhiteElo "2269"]
[BlackElo "2449"]
[PlyCount "125"]
[GameId "2127263735566475"]
[EventDate "2024.12.26"]
[EventType "rapid"]
[EventRounds "11"]
[EventCountry "FID"]

1. e4 c5 2. Nf3 d6 3. Bb5+ Bd7 4. Bxd7+ Qxd7 5. O-O Nc6 6. c3 Nf6 7. Qe2 e6 8. d4 cxd4 9. cxd4 d5 10. e5 Ne4 11. Nbd2 Nxd2 12. Bxd2 Be7 13. a3 O-O 14. Qd3 Qd8 15. b4 a6 16. Rfb1 h6 17. a4 Qd7 18. b5 axb5 19. Qxb5 Ra7 20. Ne1 Rfa8 21. Bc3 Qc7 22. Rb3 Bf8 23. g3 Nd8 24. Kg2 Qc4 25. a5 Qc8 26. Nd3 Ra6 27. Bb4 Nc6 28. Bc3 Nd8 29. Bb4 Nc6 30. Bc3 R8a7 31. h4 Nd8 32. Bb4 Nc6 33. Bc3 Qa8 34. h5 Qd8 35. Qa4 Nxa5 36. Rbb1 Nc4 37. Qb5 Rxa1 38. Rxa1 Rxa1 39. Bxa1 b6 40. Bc3 Qc8 41. Be1 Be7 42. Nf4 Kf8 43. Nd3 Qe8 44. Qa6 Kg8 45. Qb7 Kh7 46. Bb4 Bxb4 47. Nxb4 Qb5 48. Qxf7 Qxb4 49. Qg6+ Kh8 50. Qe8+ Kh7 51. Qg6+ Kg8 52. Qxe6+ Kf8 53. Qxd5 Nd2 54. Qd8+ Kf7 55. Qc7+ Kg8 56. e6 Qb1 57. Qf7+ Kh7 58. e7 Qe4+ 59. Kh3 Qh1+ 60. Kg4 Qe4+ 61. Kh3 Qh1+ 62. Kg4 Qe4+ 63. Kh3 1/2-1/2

[Event "FIDE Women’s World Rapid Championships 2024"]
[White "Assaubayeva, Bibisara"]
[Black "Padmini, Rout"]
[Site "New York, USA"]
[Round "1"]
[Board "6"]
[Result "1/2-1/2"]
[Date "2024.12.26"]
[WhiteElo "2444"]
[BlackElo "2267"]
[PlyCount "94"]
[GameId "2127263735570572"]
[EventDate "2024.12.26"]
[EventType "rapid"]
[EventRounds "11"]
[EventCountry "FID"]

1. c4 Nf6 2. Nf3 g6 3. Nc3 c5 4. g3 Bg7 5. Bg2 O-O 6. d4 cxd4 7. Nxd4 Nc6 8. O-O Qa5 9. Nc2 Qh5 10. e3 Qxd1 11. Rxd1 d6 12. b3 Bg4 13. Rd2 h5 14. Bb2 Rac8 15. h3 Bf5 16. Nd4 Bd7 17. Rad1 Nxd4 18. exd4 Bc6 19. Re2 Rfe8 20. d5 Bd7 21. Rde1 Kf8 22. Ba3 Bf5 23. Bb4 a6 24. a4 Nd7 25. Ne4 Bxe4 26. Bxe4 Nc5 27. Bc2 Bf6 28. Kg2 Rb8 29. Bd2 b5 30. cxb5 axb5 31. axb5 Rec8 32. b4 Nd7 33. g4 hxg4 34. hxg4 Ne5 35. g5 Bg7 36. Be4 Nc4 37. Rc1 Nxd2 38. Rxc8+ Rxc8 39. Rxd2 Rb8 40. Bd3 Bc3 41. Ra2 Bxb4 42. f4 Bc5 43. Kf3 Kg7 44. Re2 Rb7 45. Ra2 Rb8 46. Re2 Rb7 47. Ra2 Rb8 1/2-1/2

[Event "FIDE Women’s World Rapid Championships 2024"]
[White "Nurman, Alua"]
[Black "Dzagnidze, Nana"]
[Site "New York, USA"]
[Round "1"]
[Board "7"]
[Result "1/2-1/2"]
[Date "2024.12.26"]
[WhiteElo "2260"]
[BlackElo "2436"]
[PlyCount "63"]
[GameId "2127263735570573"]
[EventDate "2024.12.26"]
[EventType "rapid"]
[EventRounds "11"]
[EventCountry "FID"]

1. e4 c6 2. d4 d5 3. e5 Bf5 4. Bd3 Bxd3 5. cxd3 e6 6. Nc3 Ne7 7. Nge2 Nf5 8. O-O Nd7 9. Be3 Be7 10. Ng3 Nxg3 11. fxg3 O-O 12. Qg4 Kh8 13. Rf2 f5 14. Qh3 Bg5 15. Bf4 c5 16. Ne2 Rc8 17. Qh5 Be7 18. dxc5 Nxc5 19. Rd1 Na4 20. Bc1 Qb6 21. d4 Kg8 22. Nf4 Rc6 23. g4 Nc5 24. gxf5 Ne4 25. f6 gxf6 26. Qg4+ Kh8 27. Ng6+ hxg6 28. Qxg6 Rxc1 29. Qh6+ Kg8 30. Qg6+ Kh8 31. Qh6+ Kg8 32. Qg6+ 1/2-1/2

[Event "FIDE Women’s World Rapid Championships 2024"]
[White "Lagno, Kateryna"]
[Black "Kulon, Klaudia"]
[Site "New York, USA"]
[Round "1"]
[Board "8"]
[Result "1/2-1/2"]
[Date "2024.12.26"]
[WhiteElo "2433"]
[BlackElo "2258"]
[PlyCount "104"]
[GameId "2127263735570574"]
[EventDate "2024.12.26"]
[EventType "rapid"]
[EventRounds "11"]
[EventCountry "FID"]

1. e4 e5 2. Nf3 Nc6 3. Bb5 a6 4. Ba4 Nf6 5. O-O Be7 6. d3 b5 7. Bb3 d6 8. c3 O-O 9. Re1 Na5 10. Bc2 c5 11. h3 Nc6 12. d4 Qc7 13. d5 Nd8 14. a4 bxa4 15. Nbd2 Bd7 16. Bxa4 Bxa4 17. Rxa4 g6 18. Nc4 Nh5 19. Bh6 Ng7 20. Nfxe5 dxe5 21. d6 Bxd6 22. Qxd6 Qxd6 23. Nxd6 Nc6 24. Rea1 a5 25. Nc4 Rfb8 26. Nxa5 Nxa5 27. Rxa5 Rxa5 28. Rxa5 Ne6 29. b4 g5 30. h4 f6 31. hxg5 fxg5 32. bxc5 Kf7 33. Ra7+ Kg6 34. Ra6 Kf7 35. c6 Rc8 36. Ra7+ Kg6 37. c7 Nc5 38. Ra5 Rxc7 39. Bf8 Nxe4 40. Bb4 Nxc3 41. Rxe5 Rc4 42. Be7 h6 43. f3 Ra4 44. Kh2 Ra2 45. Bb4 Ne2 46. Re6+ Kf7 47. Rd6 h5 48. Bd2 Ke7 49. Bb4 Kf7 50. Bd2 Ke7 51. Rd3 Kf6 52. Rd6+ Ke7 1/2-1/2

[Event "FIDE Women’s World Rapid Championships 2024"]
[White "Priyanka, Nutakki"]
[Black "Zhao, Xue"]
[Site "New York, USA"]
[Round "1"]
[Board "9"]
[Result "0-1"]
[Date "2024.12.26"]
[WhiteElo "2256"]
[BlackElo "2433"]
[PlyCount "98"]
[GameId "2127263735570575"]
[EventDate "2024.12.26"]
[EventType "rapid"]
[EventRounds "11"]
[EventCountry "FID"]

1. Nf3 Nf6 2. b3 b5 3. e3 a6 4. Bb2 c5 5. d4 cxd4 6. exd4 e6 7. Bd3 Bb7 8. Nbd2 Be7 9. O-O O-O 10. c4 bxc4 11. bxc4 d6 12. Qe2 Nbd7 13. Bc3 Re8 14. Rab1 Qc7 15. Rfe1 a5 16. Ng5 Nf8 17. a4 Bc6 18. Bc2 h6 19. Ngf3 Qd7 20. Qd1 Rec8 21. h3 Bd8 22. Bb3 Rab8 23. Qc2 Qa7 24. Qa2 Ba8 25. Ba1 N8d7 26. Qa3 d5 27. c5 Ne4 28. Qa2 Ndf6 29. Bc2 Qc7 30. Rb5 Bc6 31. Rxb8 Rxb8 32. Rb1 Rb4 33. Rxb4 axb4 34. Qb3 Nxd2 35. Nxd2 Qa5 36. Nf3 Bc7 37. Bb2 Ne4 38. Ne1 Nd2 39. Qd3 Nc4 40. Qh7+ Kf8 41. Qh8+ Ke7 42. Nd3 Nxb2 43. Nxb2 b3 44. Bd3 Be8 45. Qxg7 Qd2 46. Bf1 Qxb2 47. Qxh6 Qxd4 48. Qg5+ Qf6 49. Qd2 Qf4 0-1

[Event "FIDE Women’s World Rapid Championships 2024"]
[White "Koneru, Humpy"]
[Black "Kairbekova, Amina"]
[Site "New York, USA"]
[Round "1"]
[Board "10"]
[Result "0-1"]
[Date "2024.12.26"]
[WhiteElo "2431"]
[BlackElo "2256"]
[PlyCount "61"]
[GameId "2127263735570576"]
[EventDate "2024.12.26"]
[EventType "rapid"]
[EventRounds "11"]
[EventCountry "FID"]

1. d4 Nf6 2. c4 g6 3. Nc3 Bg7 4. e4 d6 5. Be2 O-O 6. Be3 a5 7. Nf3 Ng4 8. Bg5 h6 9. Bh4 Nf6 10. h3 e5 11. dxe5 dxe5 12. Qc2 Nc6 13. Rd1 Qe8 14. a3 g5 15. Bg3 Bd7 16. O-O g4 17. hxg4 Bxg4 18. Nb5 Bxf3 19. Bxf3 Rc8 20. Bh4 Qe6 21. Qe2 Kh8 22. Bxf6 Qxf6 23. Bg4 Rcd8 24. Nxc7 Nd4 25. Qe3 Rg8 26. Nd5 Qh4 27. Bh3 Bf8 28. b4 axb4 29. axb4 Rd6 30. Kh2 Rdg6 31. g3 0-1

[Event "FIDE Women’s World Rapid Championships 2024"]
[White "Melia, Salome"]
[Black "Muzychuk, Mariya"]
[Site "New York, USA"]
[Round "1"]
[Board "11"]
[Result "1/2-1/2"]
[Date "2024.12.26"]
[WhiteElo "2252"]
[BlackElo "2422"]
[PlyCount "150"]
[GameId "2127263735570577"]
[EventDate "2024.12.26"]
[EventType "rapid"]
[EventRounds "11"]
[EventCountry "FID"]

1. e4 e5 2. Nf3 Nc6 3. Bb5 a6 4. Ba4 Nf6 5. O-O Nxe4 6. Re1 Nc5 7. Bxc6 dxc6 8. Nxe5 Be7 9. d4 Ne6 10. Be3 O-O 11. c4 f6 12. Nf3 Ng5 13. Nxg5 fxg5 14. Nc3 Bf5 15. Qd2 h6 16. Rad1 Qd7 17. c5 Bf6 18. d5 Rad8 19. d6 Rfe8 20. Bd4 Rxe1+ 21. Qxe1 Qf7 22. Bxf6 gxf6 23. h3 cxd6 24. cxd6 Qe6 25. Qd2 Qe5 26. b4 Kf7 27. Na4 Be6 28. Nc5 b6 29. Nxe6 Qxe6 30. Qd3 Kg7 31. Qxa6 Rxd6 32. Rxd6 Qxd6 33. Qxb6 Qd1+ 34. Kh2 Qd6+ 35. g3 Qd5 36. a4 h5 37. Qc5 Qe4 38. b5 cxb5 39. axb5 h4 40. g4 Qf4+ 41. Kg1 Qf3 42. Qc7+ Kg6 43. Qc2+ Kg7 44. Qc7+ Kg6 45. Qc2+ Kg7 46. Qf5 Qd1+ 47. Kg2 Qd6 48. Qe4 Kf7 49. Qc6 Qb4 50. b6 f5 51. gxf5 g4 52. Qe6+ Kf8 53. hxg4 Qxg4+ 54. Kh2 Qf4+ 55. Kh3 Qxf2 56. Qf6+ Ke8 57. Qg6+ Kd8 58. b7 Kc7 59. Qg7+ Kb8 60. f6 Qd4 61. Qh8+ Kxb7 62. Qxh4 Qd3+ 63. Kg4 Kc6 64. Kg5 Qd5+ 65. Kh6 Qf7 66. Qd4 Qg8 67. Qe5 Qh8+ 68. Kg6 Qg8+ 69. Kh6 Qh8+ 70. Kg5 Qg8+ 71. Kf4 Qf7 72. Qd4 Qe6 73. Qe4+ Kd7 74. Qb7+ Ke8 75. Qb8+ Kf7 1/2-1/2

[Event "FIDE Women’s World Rapid Championships 2024"]
[White "Dronavalli, Harika"]
[Black "Agrest, Inna"]
[Site "New York, USA"]
[Round "1"]
[Board "12"]
[Result "1-0"]
[Date "2024.12.26"]
[WhiteElo "2416"]
[BlackElo "2248"]
[PlyCount "115"]
[GameId "2127263735574674"]
[EventDate "2024.12.26"]
[EventType "rapid"]
[EventRounds "11"]
[EventCountry "FID"]

1. Nf3 d5 2. e3 c5 3. b3 Nc6 4. Bb2 Nf6 5. Bb5 a6 6. Bxc6+ bxc6 7. d3 Bg4 8. Nbd2 e6 9. h3 Bxf3 10. Qxf3 Be7 11. O-O O-O 12. e4 Nd7 13. Qe2 a5 14. a4 Rb8 15. Rad1 Qc7 16. f4 Rfe8 17. Kh1 Bf8 18. Nf3 f6 19. Bc3 Rb7 20. Bd2 Bd6 21. e5 Bf8 22. exf6 gxf6 23. Rde1 Bd6 24. Nh4 Nf8 25. Nf5 Ra8 26. Nh6+ Kh8 27. Ng4 Qf7 28. Bc3 d4 29. Bd2 Re7 30. Qf3 Ra6 31. Qf2 f5 32. Ne5 Qf6 33. c3 Rg7 34. cxd4 cxd4 35. Qxd4 c5 36. Qf2 Qh6 37. Bc3 Kg8 38. Nc4 Rg6 39. Bxa5 Be7 40. Re3 Nd7 41. Bc3 Nf6 42. Bxf6 Bxf6 43. Ne5 Bxe5 44. Rxe5 Rd6 45. Qe3 Qh4 46. Kh2 Qd8 47. Rf3 Kf7 48. Rxc5 Rd5 49. b4 Qd7 50. a5 Rg8 51. Rxd5 Qxd5 52. Rf2 Rd8 53. Rc2 Qd6 54. b5 Kf6 55. b6 Rd7 56. Qe5+ Qxe5 57. fxe5+ Kxe5 58. a6 1-0

[Event "FIDE Women’s World Rapid Championships 2024"]
[White "Balabayeva, Xeniya"]
[Black "Lee, Alice"]
[Site "New York, USA"]
[Round "1"]
[Board "13"]
[Result "0-1"]
[Date "2024.12.26"]
[WhiteElo "2247"]
[BlackElo "2415"]
[PlyCount "168"]
[GameId "2127263735574675"]
[EventDate "2024.12.26"]
[EventType "rapid"]
[EventRounds "11"]
[EventCountry "FID"]

1. d4 d5 2. Nf3 Nf6 3. Bf4 c5 4. e3 Nc6 5. Nbd2 cxd4 6. exd4 Bf5 7. c3 e6 8. Qb3 Qc8 9. h3 Be7 10. Be2 h6 11. a4 O-O 12. O-O Rd8 13. Rac1 Bd6 14. Bxd6 Rxd6 15. Qa3 Rd7 16. b4 Rc7 17. a5 Qf8 18. a6 b6 19. Rfe1 Rac8 20. Bb5 Ne4 21. Qb2 Nd6 22. Be2 Qe8 23. Nf1 Nb8 24. b5 Ne4 25. c4 dxc4 26. Ne3 c3 27. Qc2 Nd6 28. Nxf5 Nxf5 29. Bd3 Ne7 30. Re4 Nd5 31. Qb3 c2 32. Rxc2 Rc3 33. Rxc3 Rxc3 34. Qd1 Qc8 35. Re1 Nf4 36. Bf1 Nd7 37. Qd2 Nxh3+ 38. gxh3 Rxf3 39. Rc1 Qd8 40. Bg2 Rf5 41. Qd3 Ne5 42. Qc3 Nf3+ 43. Bxf3 Rxf3 44. Qc8 Qxc8 45. Rxc8+ Kh7 46. Rc7 Kg6 47. Rxa7 Rb3 48. Rb7 Rxb5 49. Kg2 Kf6 50. a7 Ra5 51. Rxb6 Rxa7 52. d5 Re7 53. dxe6 Rxe6 54. Rb4 Re5 55. Rb7 Re4 56. Rb6+ Kg5 57. Rb7 Rf4 58. Kg3 Rf5 59. Ra7 Kh5 60. Ra6 Rg5+ 61. Kh2 Rg6 62. Ra5+ Kh4 63. Ra4+ Kh5 64. Ra5+ Rg5 65. Ra6 f6 66. Ra4 Kg6 67. Rb4 Kf5 68. Ra4 Rg6 69. Rb4 Ke5 70. Ra4 f5 71. Rb4 f4 72. f3 Rg3 73. Rb3 Kf5 74. Rb5+ Kg6 75. Rb3 Kh5 76. Ra3 g5 77. Rb3 Kh4 78. Ra3 h5 79. Rb3 Rxh3+ 80. Kg2 Rg3+ 81. Kh2 g4 82. Rb2 Rxf3 83. Kg2 Re3 84. Ra2 Re2+ 0-1

[Event "FIDE Women’s World Rapid Championships 2024"]
[White "Muzychuk, Anna"]
[Black "Cervantes Landeiro, Thalia"]
[Site "New York, USA"]
[Round "1"]
[Board "14"]
[Result "1-0"]
[Date "2024.12.26"]
[WhiteElo "2408"]
[BlackElo "2244"]
[PlyCount "115"]
[GameId "2127263735574676"]
[EventDate "2024.12.26"]
[EventType "rapid"]
[EventRounds "11"]
[EventCountry "FID"]

1. e4 c5 2. Nf3 Nc6 3. Bb5 d6 4. O-O Bd7 5. Re1 Nf6 6. h3 Qb6 7. a4 a6 8. Bxc6 Bxc6 9. d3 g6 10. Nbd2 Bg7 11. e5 Bxf3 12. Qxf3 dxe5 13. Nc4 Qc7 14. Rxe5 Nh5 15. Re2 O-O 16. Bg5 Rae8 17. Rae1 b5 18. axb5 axb5 19. Na3 Bxb2 20. Nxb5 Qd7 21. c4 Bf6 22. Bxf6 Nxf6 23. Re5 Kg7 24. Rxc5 Rc8 25. Rce5 e6 26. Ra1 Rfd8 27. Re3 Qc6 28. Qf4 Rd7 29. Qe5 Qc5 30. Qb2 Re8 31. Rae1 Rde7 32. Re5 Qb6 33. R5e3 Qc5 34. Nd4 e5 35. Nf3 Nd7 36. Qe2 Qa5 37. Rb1 f6 38. d4 e4 39. Nd2 f5 40. c5 Nf6 41. Nc4 Qa4 42. Ra3 Qd7 43. Nd6 Rd8 44. Rb7 Qe6 45. Raa7 Rxb7 46. Rxb7+ Rd7 47. Qb2 Rxb7 48. Qxb7+ Kh6 49. Nf7+ Kh5 50. Ne5 f4 51. c6 e3 52. fxe3 fxe3 53. c7 e2 54. Qf3+ Kh6 55. Qxe2 Qc8 56. Nf7+ Kg7 57. Qe7 Ng8 58. Qd8 1-0

[Event "FIDE Women’s World Rapid Championships 2024"]
[White "Cori T., Deysi"]
[Black "Paehtz, Elisabeth"]
[Site "New York, USA"]
[Round "1"]
[Board "15"]
[Result "0-1"]
[Date "2024.12.26"]
[WhiteElo "2243"]
[BlackElo "2406"]
[PlyCount "78"]
[GameId "2127263735574677"]
[EventDate "2024.12.26"]
[EventType "rapid"]
[EventRounds "11"]
[EventCountry "FID"]

1. d4 Nf6 2. Nf3 g6 3. g3 Bg7 4. Bg2 O-O 5. O-O c6 6. c4 d6 7. Nc3 Bf5 8. Nh4 Be6 9. d5 cxd5 10. cxd5 Bd7 11. Qb3 Na6 12. h3 Nc5 13. Qa3 a5 14. Be3 Rc8 15. Rac1 b5 16. b4 axb4 17. Qxb4 Na6 18. Qb1 b4 19. Ne4 Nxd5 20. Bd2 Nc3 21. Nxc3 bxc3 22. Be3 Rb8 23. Qe4 Rb4 24. Qd3 Bb5 25. Qd1 Rb2 26. Bf3 Rxa2 27. Qd5 Rb2 28. Ng2 Nc7 29. Qd1 Ne6 30. h4 d5 31. Qxd5 Bxe2 32. Rfe1 Bxf3 33. Qxf3 Qa8 34. Qg4 h5 35. Qc4 Rc8 36. Qd3 Rd8 37. Qc4 Qf3 38. Rxc3 Bxc3 39. Qxc3 Rxf2 0-1

[Event "FIDE Women’s World Rapid Championships 2024"]
[White "Huang, Qian"]
[Black "Zhukova, Natalia"]
[Site "New York, USA"]
[Round "1"]
[Board "16"]
[Result "0-1"]
[Date "2024.12.26"]
[WhiteElo "2399"]
[BlackElo "2242"]
[PlyCount "78"]
[GameId "2127263735574678"]
[EventDate "2024.12.26"]
[EventType "rapid"]
[EventRounds "11"]
[EventCountry "FID"]

1. c4 e6 2. Nf3 d5 3. g3 Nf6 4. Bg2 Be7 5. O-O O-O 6. b3 d4 7. e3 c5 8. exd4 cxd4 9. d3 Nc6 10. Re1 Nd7 11. Ba3 a5 12. Bb2 Nc5 13. Na3 f6 14. Nc2 e5 15. Nh4 g5 16. Nf3 Bf5 17. Bf1 Qb6 18. Bxd4 exd4 19. Nfxd4 Nxd4 20. Nxd4 Bg6 21. Nb5 Rfe8 22. d4 Na6 23. Qf3 Bb4 24. Rxe8+ Rxe8 25. c5 Qc6 26. Qxc6 bxc6 27. Nd6 Ra8 28. Bg2 Bc3 29. Rc1 Bxd4 30. Bxc6 Rb8 31. Bd5+ Kg7 32. c6 Nc7 33. Bf3 a4 34. Nb7 axb3 35. axb3 Ra8 36. Rc4 Ra1+ 37. Kg2 Ba7 38. b4 Bd3 39. Rc3 Bf1+ 0-1

[Event "FIDE Women’s World Rapid Championships 2024"]
[White "Balajayeva, Khanim"]
[Black "Khotenashvili, Bella"]
[Site "New York, USA"]
[Round "1"]
[Board "17"]
[Result "1-0"]
[Date "2024.12.26"]
[WhiteElo "2242"]
[BlackElo "2394"]
[PlyCount "115"]
[GameId "2127263735578775"]
[EventDate "2024.12.26"]
[EventType "rapid"]
[EventRounds "11"]
[EventCountry "FID"]

1. e4 c6 2. d4 d5 3. exd5 cxd5 4. Bd3 Nf6 5. c3 Bg4 6. Qb3 Qc7 7. h3 Bd7 8. Nf3 e6 9. O-O Bd6 10. Re1 Bc6 11. Na3 a6 12. Ne5 Nbd7 13. Bf4 Nxe5 14. dxe5 Bc5 15. Nc2 Nd7 16. Nd4 Qb6 17. Qxb6 Nxb6 18. Nxc6 bxc6 19. b4 Be7 20. a4 a5 21. Reb1 axb4 22. a5 Nd7 23. cxb4 g5 24. Bg3 O-O 25. a6 Rfb8 26. b5 c5 27. Kh2 c4 28. Bc2 Bc5 29. f4 h6 30. Ra2 Ra7 31. Bd1 Nb6 32. h4 d4 33. fxg5 hxg5 34. Bf2 gxh4 35. Rd2 Rd8 36. Bxh4 Rd5 37. Bf3 Rxe5 38. Bf6 c3 39. Bxe5 cxd2 40. Bb8 Rd7 41. a7 f5 42. g3 d3 43. Rd1 Bb4 44. Bc6 Rh7+ 45. Kg2 e5 46. a8=Q Nxa8 47. Bxa8 e4 48. Bf4 Bc5 49. Rxd2 Ra7 50. Bd5+ Kg7 51. Rb2 Bb6 52. Ra2 Re7 53. Ra6 Bd4 54. Ra4 Bb6 55. Ra6 Bd4 56. b6 e3 57. b7 Re8 58. Ra8 1-0

[Event "FIDE Women’s World Rapid Championships 2024"]
[White "Divya, Deshmukh"]
[Black "Fataliyeva, Ulviyya"]
[Site "New York, USA"]
[Round "1"]
[Board "18"]
[Result "0-1"]
[Date "2024.12.26"]
[WhiteElo "2393"]
[BlackElo "2237"]
[PlyCount "74"]
[GameId "2127263735578776"]
[EventDate "2024.12.26"]
[EventType "rapid"]
[EventRounds "11"]
[EventCountry "FID"]

1. e4 e5 2. Nf3 Nc6 3. Nc3 Nf6 4. a4 Bb4 5. Bd3 d6 6. Nd5 Bc5 7. c3 a5 8. O-O O-O 9. Bc2 Nxd5 10. exd5 Ne7 11. Ng5 h6 12. Nh7 Re8 13. d4 Bb6 14. Qh5 Nxd5 15. Ng5 Qd7 16. Bh7+ Kf8 17. Ne4 Qg4 18. Qxg4 Bxg4 19. c4 Nb4 20. c5 dxc5 21. dxc5 Ba7 22. Be3 Nc2 23. Rac1 Nxe3 24. fxe3 Ke7 25. Nc3 c6 26. Ne4 Red8 27. Bf5 Bxf5 28. Rxf5 Rd5 29. Kf2 g6 30. Rf3 f5 31. Nd6 Rd2+ 32. Kf1 e4 33. Rh3 h5 34. Rg3 Kf6 35. Kg1 Rxb2 36. Rf1 Rb4 37. Rf4 Bxc5 0-1

[Event "FIDE Women’s World Rapid Championships 2024"]
[White "Mou, Iris"]
[Black "Yip, Carissa"]
[Site "New York, USA"]
[Round "1"]
[Board "19"]
[Result "0-1"]
[Date "2024.12.26"]
[WhiteElo "2226"]
[BlackElo "2389"]
[PlyCount "118"]
[GameId "2127263735578777"]
[EventDate "2024.12.26"]
[EventType "rapid"]
[EventRounds "11"]
[EventCountry "FID"]

1. e4 g6 2. d4 Bg7 3. Nc3 d6 4. Nf3 a6 5. a4 b6 6. Be2 Bb7 7. O-O Nd7 8. Be3 Ngf6 9. d5 O-O 10. Nd4 Nb8 11. Bf3 Nfd7 12. Qd2 Re8 13. Bh6 Bh8 14. Bg4 Ne5 15. Be2 c5 16. dxc6 Nbxc6 17. Nxc6 Nxc6 18. Be3 Ne5 19. Bd4 Qc7 20. Nd5 Bxd5 21. exd5 Nd7 22. Bxh8 Kxh8 23. Ra3 Kg8 24. Rc3 Qb7 25. f4 Rac8 26. Rh3 Nf6 27. c4 Ne4 28. Qe1 f5 29. b3 Qc7 30. Qh4 e6 31. dxe6 Rxe6 32. Bf3 Nf6 33. Kh1 Rce8 34. Qf2 Kg7 35. Bd5 Re2 36. Qh4 h5 37. Rd3 Qe7 38. h3 Nxd5 39. Qxe7+ Nxe7 40. Rxd6 Nc8 41. Rd7+ R8e7 42. Rd8 Re8 43. Rd7+ R2e7 44. Rd5 Re3 45. Rd7+ Kg8 46. Rb1 R3e7 47. Rd5 Kf7 48. Kh2 Re1 49. Rb2 Rf1 50. g3 Rfe1 51. Rd7+ R1e7 52. Rdd2 Re6 53. Kg2 Nd6 54. Rbc2 Ne4 55. Re2 Nc5 56. Rxe6 Rxe6 57. b4 Nxa4 58. Ra2 b5 59. c5 Re4 0-1